[Event "POL-chT 2nd League"]
[Site "Jastrzebia Gora"]
[Date "2019.09.10"]
[Round "4.4"]
[White "Butyrowski, Marcel"]
[Black "Szczepanek, Radoslaw"]
[Result "0-1"]
[WhiteElo "1873"]
[BlackElo "2195"]
[PlyCount "86"]
[EventDate "2019.09.07"]
[EventType "team-swiss"]
[EventRounds "9"]
[EventCountry "POL"]
[SourceTitle "EXT 2020"]
[Source "ChessBase"]
[SourceDate "2019.10.17"]
[SourceVersion "1"]
[SourceVersionDate "2019.10.17"]
[SourceQuality "1"]
[WhiteTeam "Chrobry Gniezno"]
[BlackTeam "Raciborz Silesia"]
[WhiteTeamCountry "POL"]
[BlackTeamCountry "POL"]

1. d4 Nf6 2. c4 g6 3. g3 Bg7 4. Bg2 0-0 5. Nc3 d6 6. Nf3 Nc6 7. 0-0 a6 8. d5 Na5 9. Nd2 c5 10. e4 Rb8 11. Qe2 b5 12. h3 Nd7 13. f4 Nxc4 14. Nxc4 bxc4 15. Be3 Qa5 16. Rab1 Nb6 17. Bd2 Bd7 18. g4 Bd4+ 19. Kh1 Na4 20. Nxa4 Qxa4 21. Bc3 Qxa2 22. Ra1 Qb3 23. Ra3 Qb6 24. g5 Bxc3 25. bxc3 a5 26. Ra2 f6 27. f5 Kg7 28. Qe3 fxg5 29. Qxg5 Rf6 30. Raf2 Rbf8 31. Qh4 a4 32. Bf3 Qb3 33. Rg2 Qxc3 34. Bh5 Be8 35. Rfg1 a3 36. Rg3 Qb2 37. e5 Qxe5 38. Rxa3 Rxf5 39. Bg4 Qxd5+ 40. Rg2 Bc6 41. Raa2 Rf1+ 42. Kh2 Qe5+ 43. Qg3 Rh1+ 0-1

[Event "POL-chT 2nd League"]
[Site "Jastrzebia Gora"]
[Date "2019.09.07"]
[Round "1.10"]
[White "Jankowiak, Piotr"]
[Black "Butyrowski, Marcel"]
[Result "1-0"]
[WhiteElo "1999"]
[BlackElo "1873"]
[PlyCount "129"]
[EventDate "2019.09.07"]
[EventType "team-swiss"]
[EventRounds "9"]
[EventCountry "POL"]
[SourceTitle "EXT 2020"]
[Source "ChessBase"]
[SourceDate "2019.10.17"]
[SourceVersion "1"]
[SourceVersionDate "2019.10.17"]
[SourceQuality "1"]
[WhiteTeam "Bogatynia UKS SP3"]
[BlackTeam "Chrobry Gniezno"]
[WhiteTeamCountry "POL"]
[BlackTeamCountry "POL"]

1. d4 Nf6 2. Bf4 e6 3. Nf3 Be7 4. Nbd2 0-0 5. e4 c5 6. c3 Nc6 7. dxc5 Bxc5 8. b4 Be7 9. Bd3 a6 10. 0-0 d6 11. Qe2 e5 12. Bg5 Be6 13. Rfd1 Rc8 14. a4 d5 15. Bxf6 Bxf6 16. exd5 Bxd5 17. Ne4 Qe7 18. Nxf6+ Qxf6 19. Bxh7+ Kxh7 20. Rxd5 Rfe8 21. b5 Na5 22. bxa6 b6 23. Rxe5 Rxe5 24. Qxe5 Qxe5 25. Nxe5 Ra8 26. Nxf7 Rxa6 27. Rb1 Nc6 28. g3 Ne7 29. Ng5+ Kh6 30. Ne4 g6 31. f3 Rxa4 32. Rxb6 Nd5 33. Rb2 Ra1+ 34. Kf2 Rc1 35. Rd2 Nxc3 36. Nxc3 Rxc3 37. h4 Ra3 38. Kg2 Ra1 39. Rd6 Ra3 40. Rf6 Kg7 41. Rf4 Ra2+ 42. Kh3 Rf2 43. Kg4 Ra2 44. h5 Ra5 45. hxg6 Kxg6 46. Rb4 Ra6 47. Rb5 Rc6 48. f4 Ra6 49. Rg5+ Kf6 50. Rh5 Ra3 51. Rh6+ Kg7 52. Rb6 Rc3 53. Kh4 Rf3 54. Kg4 Ra3 55. f5 Kf7 56. Kf4 Rc3 57. g4 Rc7 58. Kg5 Ra7 59. Rh6 Ra4 60. Rh7+ Kg8 61. Rb7 Rc4 62. f6 Kf8 63. Kf5 Rc1 64. Kg6 Rc8 65. Rh7 1-0

[Event "Rubinstein Memorial-C 54th"]
[Site "Polanica Zdroj"]
[Date "2018.08.21"]
[Round "4"]
[White "Butyrowski, Marcel"]
[Black "Bialik, Nikodem"]
[Result "1-0"]
[WhiteElo "1896"]
[BlackElo "1282"]
[PlyCount "123"]
[EventDate "2018.08.18"]
[EventType "swiss"]
[EventRounds "9"]
[EventCountry "POL"]
[SourceTitle "EXT 2020"]
[Source "ChessBase"]
[SourceDate "2019.10.17"]
[SourceVersion "1"]
[SourceVersionDate "2019.10.17"]
[SourceQuality "1"]

1. d4 d5 2. c4 e6 3. Nc3 Nf6 4. cxd5 exd5 5. Bg5 Nbd7 6. e3 c6 7. Bd3 Be7 8. Qc2 0-0 9. Nge2 Re8 10. f3 Nf8 11. 0-0 Nh5 12. Bxe7 Rxe7 13. e4 dxe4 14. fxe4 g6 15. Rad1 Bg4 16. Rd2 Ne6 17. Bc4 Bxe2 18. Nxe2 Qb6 19. Kh1 Rd8 20. d5 cxd5 21. exd5 Nc5 22. Nc3 Ng7 23. Re2 Rxe2 24. Qxe2 Nf5 25. a3 Nb3 26. Bxb3 Qxb3 27. g4 Nd6 28. Qe7 Qb6 29. b4 Re8 30. Qf6 Qc7 31. h4 Qe7 32. Qxe7 Rxe7 33. Rf6 Ne4 34. Nxe4 Rxe4 35. Rd6 Kf8 36. Rd7 Re7 37. Rd8+ Re8 38. Rxe8+ Kxe8 39. Kg2 Kd7 40. Kf3 Kd6 41. Ke4 f6 42. a4 b6 43. b5 h6 44. h5 gxh5 45. gxh5 f5+ 46. Kxf5 Kxd5 47. Kf6 Kd6 48. Kf7 Kd7 49. Kf8 Kd8 50. Kg7 Ke7 51. Kxh6 Kf6 52. Kh7 Kf7 53. h6 Kf8 54. Kg6 Kg8 55. Kf6 Kh7 56. Ke7 Kxh6 57. Kd7 Kg7 58. Kc7 Kf7 59. Kb7 Ke7 60. Kxa7 Kd8 61. Kxb6 Kc8 62. Ka7 1-0

[Event "POL-chT U20 1st League"]
[Site "Kudowa Zdroj"]
[Date "2018.07.27"]
[Round "7.26"]
[White "Butyrowski, Marcel"]
[Black "Jarzebowski, Kacper"]
[Result "1/2-1/2"]
[WhiteElo "1725"]
[BlackElo "1969"]
[PlyCount "120"]
[EventDate "2018.07.21"]
[EventType "team-tourn"]
[EventRounds "9"]
[EventCountry "POL"]
[SourceTitle "CBM 186 Extra"]
[Source "ChessBase"]
[SourceDate "2018.08.24"]
[SourceVersion "1"]
[SourceVersionDate "2018.08.24"]
[SourceQuality "1"]

1. d4 d6 2. c4 e5 3. dxe5 dxe5 4. Qxd8+ Kxd8 5. Nc3 Be6 6. e3 Nd7 7. Nf3 f6 8. Bd2 c6 9. Rc1 a5 10. Na4 Kc7 11. Bd3 Nc5 12. Nxc5 Bxc5 13. Ke2 Ne7 14. Rhd1 h5 15. b3 g5 16. Bc3 Nf5 17. Nd2 Bb4 18. Ne4 Bxc3 19. Rxc3 Raf8 20. Bc2 Nh4 21. Rd6 Re8 22. c5 Nf5 23. Rd2 Rhf8 24. Nd6 Nxd6 25. Rxd6 f5 26. a3 Bd5 27. Rh6 Bxg2 28. Rxh5 e4 29. Rxg5 Bf3+ 30. Kd2 Rh8 31. Rxf5 Rxh2 32. Rf7+ Kb8 33. Rd7 Rxf2+ 34. Kc1 Rh8 35. Rc4 Rh1+ 36. Kb2 Bd1 37. Rdd4 Re1 38. Rc3 Bxc2 39. Rxc2 Rxc2+ 40. Kxc2 Rxe3 41. Ra4 Re2+ 42. Kc3 e3 43. Kd3 Rb2 44. Kxe3 Rxb3+ 45. Kd4 Rb5 46. Rc4 Ka7 47. Ke5 b6 48. Kd6 Rxc5 49. Rxc5 bxc5 50. Kxc5 Kb7 51. Kd4 Kc7 52. Kc5 Kd7 53. Kb6 Kd6 54. Kxa5 Kc5 55. a4 Kd4 56. Kb6 c5 57. a5 c4 58. a6 c3 59. a7 c2 60. a8Q c1Q 1/2-1/2

[Event "POL-chT 2nd League"]
[Site "Jastrzebia Gora"]
[Date "2016.09.04"]
[Round "2.101"]
[White "Butyrowski, Marcel"]
[Black "Krasiewicz, Robert"]
[Result "0-1"]
[WhiteElo "1776"]
[BlackElo "2097"]
[PlyCount "128"]
[EventDate "2016.09.03"]
[EventType "team-swiss"]
[EventRounds "9"]
[EventCountry "POL"]
[SourceTitle "EXT 2017"]
[Source "ChessBase"]
[SourceDate "2016.10.25"]
[SourceVersion "1"]
[SourceVersionDate "2016.10.25"]
[SourceQuality "1"]
[WhiteTeam "Gniezno LKS Chrobry II"]
[BlackTeam "Zielonka Zieloni"]
[WhiteTeamCountry "POL"]
[BlackTeamCountry "POL"]

1. Nf3 d6 2. c4 f5 3. d4 Nf6 4. g3 g6 5. Bg2 Bg7 6. 0-0 0-0 7. Nc3 Qe8 8. d5 a5 9. Nd4 Na6 10. b3 Bd7 11. Bb2 Nc5 12. Re1 c6 13. Rc1 e5 14. dxe6 Bxe6 15. e3 Rf7 16. Qc2 Re7 17. Rcd1 Rd8 18. Nce2 Bf7 19. Nf4 Nce4 20. h3 Qd7 21. Kh2 g5 22. Nd3 Nh5 23. Ne2 Qe6 24. f3 Nef6 25. Nd4 Qc8 26. Nf2 Bg6 27. Qd2 g4 28. f4 Nxg3 29. Kxg3 Nh5+ 30. Kh2 g3+ 31. Kh1 gxf2 32. Qxf2 Rde8 33. Ba3 Rd7 34. Nf3 Qd8 35. Kh2 Nf6 36. Nh4 Ne4 37. Bxe4 Rxe4 38. Nxg6 hxg6 39. Qg3 Re6 40. Re2 d5 41. Red2 d4 42. exd4 Bxd4 43. Kh1 Kf7 44. Bc5 Re4 45. Qd3 Rxf4 46. Bxd4 Rfxd4 47. Qxd4 Rxd4 48. Rxd4 Qe8 49. Rd7+ Kf6 50. R7d6+ Kg7 51. Rd7+ Kh6 52. R7d4 Qe2 53. R1d2 Qf1+ 54. Kh2 g5 55. Rg2 Qe1 56. Rd6+ Kh5 57. Rd8 Qe5+ 58. Kh1 Qg7 59. Re8 f4 60. Re4 Qf6 61. Rf2 Kh4 62. Re8 Kxh3 63. Rg2 Qa1+ 64. Rg1 Qb2 0-1

[Event "POL-ch U14"]
[Site "Suwalki"]
[Date "2015.04.09"]
[Round "3"]
[White "Butyrowski, Marcel"]
[Black "Golenia, Jan"]
[Result "0-1"]
[WhiteElo "1514"]
[BlackElo "1725"]
[PlyCount "66"]
[EventDate "2015.04.08"]
[EventType "swiss"]
[EventRounds "9"]
[EventCountry "POL"]
[SourceTitle "EXT 2017"]
[Source "ChessBase"]
[SourceDate "2016.10.25"]
[SourceVersion "1"]
[SourceVersionDate "2016.10.25"]
[SourceQuality "1"]

1. e4 e5 2. Nf3 Nc6 3. d4 exd4 4. Nxd4 Bc5 5. Nb3 Bb6 6. a4 a5 7. Nc3 d6 8. Bd3 Be6 9. Nd2 Nf6 10. 0-0 0-0 11. Nf3 h6 12. b3 Re8 13. Bb2 Bg4 14. Re1 Ne5 15. Be2 Ng6 16. h3 Bd7 17. Bc4 Bc6 18. Bd5 Qd7 19. Bxc6 Qxc6 20. Qd3 Nf4 21. Qd2 Nxe4 22. Nxe4 Rxe4 23. Rxe4 Qxe4 24. Kh2 Ng6 25. Qc3 f6 26. Re1 Qd5 27. g4 Bxf2 28. Re2 Bc5 29. g5 hxg5 30. Rg2 Ne5 31. Nxg5 fxg5 32. Rxg5 Nf3+ 33. Kg3 Qxg5+ 0-1